Bäume nach Blättern - Statistiken

Allgemein
  • Dieses Quiz wurde 197 mal gespielt
  • Das Durchschnittsergebnis liegt bei 7 aus 9
Antwortstatistiken
Bildquiz Antwort % Korrekt
Eiche
100%
Ahorn
93%
Buche
89%
Kastanie
82%
Birke
72%
Linde
68%
Esche
61%
Walnuss
46%
Erle
42%
Keine übereinstimmenden Quizze gefunden
Verteilung der Resultate
Anzahl Personen mit jedem Resultat
Perzentil nach korrekt beantworteten Fragen
Ihre Resultats-Entwicklung
Sie haben dieses Quiz noch nicht gespielt